Estatísticas para Times por Escudo - Ligue 1 23/24

Clique aqui para jogar o quiz

Estatísticas Gerais

  • Esse quiz foi jogado 126 vezes
  • A pontuação média é 12 de 18

Estatísticas das Respostas

Resposta% Correto
Monaco
99%
Nantes
86%
Olympique de Marselha
86%
Paris Saint-Germain
86%
Lyon
83%
Lille
82%
Nice
80%
Lens
74%
Metz
69%
Toulouse
69%
Rennes
67%
Montpellier
64%
Strasbourg
57%
Lorient
55%
Reims
49%
Clermont
43%
Le Havre
43%
Brest
41%

Distribuição das Pontuações

Percentil de Números Respondidos

Porcentagem de Pessoas com Cada Pontuação

Sua Pontuação Histórica

Você não jogou esse quiz